000 00853nam a2200181 a 4500
001 000004038
005 20200929150657.0
008 090716s1981 dr 000 0 spa d
040 _aDO-SdBNP
_bspa
_cBNPHU
082 _axxxx
_bR426p
110 1 _aRepública Dominicana
_bSecretaría de Estado de Agricultura. Subsecretaría Técnica de Planificación Sectorial Agropecuaria. Departamento Planes, Programas y proyectos.
_912068
245 1 0 _aProducción versus consumo de alimentos :
_bdesafio y oportunidades de la presente decada /
_casesor y coordinador Gentil Rojas L.
260 _aSanto Domingo :
_bSecretaría de Estado de Agricultura,
_c1981.
300 _a74 p. ;
_c22 cm.
500 _aIncluye referencias bibliográficas y notas al pie de las páginas
504 _aBibliografía: p. 43-44)
700 1 _aRojas L., Gentil,
_easesor y coord.
_912069
999 _c3857
_d3857